000 00870nam a2200229Ii 4500
003 JO-AjNU
008 230605s9999||||xx |||||||||||||| ||und||
017 _a2012/11/4370
020 _a978-9957-49-074-4
040 _aJO-AjNU
_bara
_erda
_cJO-AjNU
041 _aara
050 1 4 _aBP130.4 2013
100 3 _aالقضاة، عامر توفيق,
_eauthor
_949194
245 0 0 _aالتفسير الإشاري عند الإمام البقاعي 885هـ في تفسيره نظم الدرر في تناسب الآيات والسور
264 3 1 _aعمان: وزارة الثقافة، 2013
300 _a430ص
_bقائمة المصادر والمراجع ص 419-430
336 _atext
_btxt
_2rdacontent
337 _aunmediated
_bn
_2rdamedia
338 _avolume
_bnc
_2rdacarrier
490 0 _aدراسات
650 4 _aالقرآن الكريم- تفاسير
_949195
999 _aA21592
_c25160
_d25160